Le Livre des Haltes (Kitâb al-Mawâqif), Tome III /

The third and final volume of the "Livre des Haltes" of the Algerian 'Abd al-Qâdir contains the chapters 299 to 372. It comprises 524 text pages and, in addition, the following indices: lexical index of subjects, index of proper names, index of qur'anic quotations, index of hadit...

وصف كامل

محفوظ في:

المؤلف الرئيسي: al-Djazâ'irî, 'Abd al-Qâdir (مؤلف)

مؤلفون آخرون: Lagarde, Michel (المحرر)

التنسيق: كتاب الكتروني

اللغة: English

منشور في: Leiden; Boston : BRILL, 2002.

سلاسل: Brill Book Archive Part 1, ISBN: 9789004472495.

الموضوعات:

الوصول للمادة أونلاين: Login to view Source

الوسوم: إضافة وسم

لا توجد وسوم, كن أول من يضع وسما على هذه التسجيلة!

رقم الطلب: BP189

LEADER 02085nam a22004458i 4500
001 BRILL9789004453555
003 nllekb
005 20220607122229.0
006 m d
007 cr un uuuua
008 200716s2002 ne sb 001 0 eng d
010 |z  00021146 
020 |a 9789004453555  |q (electronic book) 
020 |a 9789004127630  |q (print) 
024 7 |a 10.1163/9789004453555  |2 DOI 
035 |a (OCoLC)681186857 
040 |a NL-LeKB  |c NL-LeKB  |e rda 
050 4 |a BP189 
072 7 |a HRH  |2 bicssc 
072 7 |a REL  |x 037000  |2 bisacsh 
082 0 4 |a 297.4  |2 23 
100 1 |a al-Djazâ'irî, 'Abd al-Qâdir  |e author. 
245 1 0 |a Le Livre des Haltes (Kitâb al-Mawâqif), Tome III /  |c 'Abd al-Qâdir al-Djazâ'irî  
264 1 |a Leiden;   |a Boston :  |b BRILL,  |c 2002. 
300 |a 1 online resource. 
336 |a text  |b txt  |2 rdacontent 
337 |a computer  |b c  |2 rdamedia 
338 |a online resource  |2 rdacarrier 
490 1 |a Brill Book Archive Part 1, ISBN: 9789004472495 
504 |a Includes bibliographical references and index. 
520 |a The third and final volume of the "Livre des Haltes" of the Algerian 'Abd al-Qâdir contains the chapters 299 to 372. It comprises 524 text pages and, in addition, the following indices: lexical index of subjects, index of proper names, index of qur'anic quotations, index of hadiths, index of logical and exegetical principles, index of remarks on the Arabic text (omissions, textual differences, corrections). A concise bibliography rounds off the volume. 
588 |a Description based on print version record. 
650 0 |a Sufism. 
700 1 |a Lagarde, Michel,  |e editor. 
776 0 8 |i Print version:  |t Le Livre des Haltes (Kitâb al-Mawâqif), Tome III.  |d Leiden ; Boston : BRILL, 2002  |z 9789004127630  |w (OCoLC)43333562 
830 0 |a Brill Book Archive Part 1, ISBN: 9789004472495. 
856 4 |z DOI:   |u http://dx.doi.org/10.1163/9789004453555 
942 |2 lcc  |c EBOOK 
952 |0 0  |1 0  |2 lcc  |4 0  |7 1  |9 40236  |a BRILL  |b BRILL  |d 2022-06-07  |l 0  |r 2022-06-07 00:00:00  |w 2022-06-07  |y EBOOK 
999 |c 47356  |d 47356